Stolice Krajów Słowacji - Statystyki

Ogólne statystyki
  • Ten quiz został rozwiązany 17 razy
  • Średni wynik to 7 z 8
Statystyki odpowiedzi
kraj stolica % Poprawnych
bratysławski Bratysława
100%
koszycki Koszyce
100%
bańskobystrzycki Bańska Bystrzyca
86%
trenczyński Trenczyn
86%
trnawski Trnawa
86%
żyliński Źylina
86%
nitrzański Nitra
79%
preszowski Preszów
79%
Nie znaleziono quizów pasujących do podanych kryteriów
Rozkład punktacji
Procent ludzi z każdym wynikiem
Percentyl według liczby udzielonych odpowiedzi
Twoja historia wyników
Nie rozwiązałeś tego quizu